| 000 | 00921cam a2200277 a 4500 | ||
|---|---|---|---|
| 001 | 4521339 | ||
| 005 | 20150716143814.0 | ||
| 008 | 000502s1999 ilua b 001 0 eng | ||
| 010 | _a99032398 | ||
| 020 | _a0226245330 (cloth : alk. paper) | ||
| 035 | _a(OCoLC)41439654 | ||
| 035 | _a(OCoLC)ocm41439654 | ||
| 035 | _a(NNC)4521339 | ||
| 040 |
_aDLC _cDLC _dDLC _dNNUT |
||
| 090 |
_aB3240.F483 _bC66 1999 |
||
| 100 | 1 |
_aFeyerabend, Paul, _d1924-1994. _913175 |
|
| 245 | 1 | 0 |
_aConquest of abundance : _ba tale of abstraction versus the richness of being / _cPaul Feyerabend ; edited by Bert Terpstra |
| 260 |
_aChicago : _bUniversity of Chicago Press, _cc1999 |
||
| 300 |
_axviii, 285 p. : _bill. ; _c24 cm |
||
| 504 | _aIncludes bibliographical references and index | ||
| 650 | 0 |
_aReality. _918238 |
|
| 650 | 0 |
_aAbstraction. _94901 |
|
| 700 | 1 |
_aTerpstra, Bert. _918239 |
|
| 942 |
_2lcc _cMONOGRAPH |
||
| 999 |
_c122950 _d122950 |
||